<?xml version="1.0" encoding="UTF-8"?>
<record
    xmlns:xsi="http://www.w3.org/2001/XMLSchema-instance"
    xsi:schemaLocation="http://www.loc.gov/MARC21/slim http://www.loc.gov/standards/marcxml/schema/MARC21slim.xsd"
    xmlns="http://www.loc.gov/MARC21/slim">

  <leader>04955 ab a2200865   4500</leader>
  <controlfield tag="003">AR-RoUNA</controlfield>
  <controlfield tag="008">140529|||||||||spa|||||     |||| 0|||| d</controlfield>
  <datafield tag="022" ind1=" " ind2=" ">
    <subfield code="a">0213487X</subfield>
  </datafield>
  <datafield tag="040" ind1=" " ind2=" ">
    <subfield code="a">AR-RoUNA</subfield>
    <subfield code="b">spa</subfield>
  </datafield>
  <datafield tag="041" ind1=" " ind2=" ">
    <subfield code="a">spa</subfield>
    <subfield code="a">eng</subfield>
  </datafield>
  <datafield tag="044" ind1=" " ind2=" ">
    <subfield code="a">sp</subfield>
  </datafield>
  <datafield tag="100" ind1="1" ind2=" ">
    <subfield code="a">Fern&#xE1;ndez-Galiano, Luis</subfield>
    <subfield code="e">dir. ed.</subfield>
    <subfield code="9">5379</subfield>
  </datafield>
  <datafield tag="245" ind1=" " ind2=" ">
    <subfield code="a">AV Monograf&#xED;as</subfield>
    <subfield code="n"> N&#xBA;253/254</subfield>
    <subfield code="b">: Espa&#xF1;a 2023</subfield>
  </datafield>
  <datafield tag="260" ind1=" " ind2=" ">
    <subfield code="a">Madrid :</subfield>
    <subfield code="b">Arquitectura Viva SL,</subfield>
    <subfield code="c">1985</subfield>
  </datafield>
  <datafield tag="300" ind1=" " ind2=" ">
    <subfield code="a">216 p. :</subfield>
    <subfield code="b">plantas</subfield>
    <subfield code="b">planos</subfield>
    <subfield code="c">30x22 cm</subfield>
  </datafield>
  <datafield tag="505" ind1="0" ind2=" ">
    <subfield code="t">ESPA&#xD1;A 2023</subfield>
  </datafield>
  <datafield tag="505" ind1="0" ind2=" ">
    <subfield code="a">BALANCE DEL A&#xD1;O</subfield>
  </datafield>
  <datafield tag="505" ind1="0" ind2=" ">
    <subfield code="a">Luis Fern&#xE1;ndez-Galiano / Bajo el signo de Marte. p. 4</subfield>
  </datafield>
  <datafield tag="505" ind1="0" ind2=" ">
    <subfield code="a">Invierno / Ucron&#xED;as de Ucrania. p. 8</subfield>
  </datafield>
  <datafield tag="505" ind1="0" ind2=" ">
    <subfield code="a">Primavera / El problema no es el clima. p. 12</subfield>
  </datafield>
  <datafield tag="505" ind1="0" ind2=" ">
    <subfield code="a">Verano / El este est&#xE1; al Sur. p. 16</subfield>
  </datafield>
  <datafield tag="505" ind1="0" ind2=" ">
    <subfield code="a">Oto&#xF1;o / T&#xE9; para todos. p. 20</subfield>
  </datafield>
  <datafield tag="505" ind1="0" ind2=" ">
    <subfield code="t">2022, una antolog&#xED;a</subfield>
  </datafield>
  <datafield tag="505" ind1="0" ind2=" ">
    <subfield code="t">Rescate patrimonial</subfield>
  </datafield>
  <datafield tag="505" ind1="0" ind2=" ">
    <subfield code="a">Foster+Partners / Edificio Omb&#xFA; para Acciona, Madrid. p. 34</subfield>
  </datafield>
  <datafield tag="505" ind1="0" ind2=" ">
    <subfield code="a">Tun&#xF3;n y Albornoz / Casa Palacio Paredes-Saavedra C&#xE1;ceres. p. 42</subfield>
  </datafield>
  <datafield tag="505" ind1="0" ind2=" ">
    <subfield code="a">Ignacio Laguillo / Ayuntamiento, Fuentes de Andaluc&#xED;a, Sevilla. p. 50</subfield>
  </datafield>
  <datafield tag="505" ind1="0" ind2=" ">
    <subfield code="a">Junquera Arquitectos / Fundaci&#xF3;n Ortega y Gasset-Mara&#xF1;on, Madrid. p. 56</subfield>
  </datafield>
  <datafield tag="505" ind1="0" ind2=" ">
    <subfield code="t">ESTRATEGIAS ENERG&#xC9;TICAS</subfield>
  </datafield>
  <datafield tag="505" ind1="0" ind2=" ">
    <subfield code="a">RCR, arqs / Nueva Bodega Perelada, Perelada ( Gerona). p. 66</subfield>
  </datafield>
  <datafield tag="505" ind1="0" ind2=" ">
    <subfield code="a">IDOM / Bodega Beronia, Ollauri, La Rioja. p. 74</subfield>
  </datafield>
  <datafield tag="505" ind1="0" ind2=" ">
    <subfield code="a">Batlleiroig / Oficinas Entegra, Barcelona. p. 80</subfield>
  </datafield>
  <datafield tag="505" ind1="0" ind2=" ">
    <subfield code="a">Haz Arqs / Centro Comunitario Trinitata Vella, Barcelona. p. 86</subfield>
  </datafield>
  <datafield tag="505" ind1="0" ind2=" ">
    <subfield code="t">ENSE&#xD1;ANZA SUPERIOR</subfield>
  </datafield>
  <datafield tag="505" ind1="0" ind2=" ">
    <subfield code="a">Nieto Sobejano Arqs / Facultad de Humanidades del CEU, Madrid. p. 96</subfield>
  </datafield>
  <datafield tag="505" ind1="0" ind2=" ">
    <subfield code="a">Alcolea+T&#xE1;rrago - Roberto Ercilla / Pabell&#xF3;n de Gobierno y Paraninfo UMA, M&#xE1;laga. p. 104</subfield>
  </datafield>
  <datafield tag="505" ind1="0" ind2=" ">
    <subfield code="a">Estudio Primitivo Gonz&#xE1;lez, e.G.a / Escuela de Arte, Valladolid. p. 110</subfield>
  </datafield>
  <datafield tag="505" ind1="0" ind2=" ">
    <subfield code="a">Arias Garrido Arqs. / Casa de la M&#xFA;sica y el Teatro, Arroyo, Valladolid. p. 116</subfield>
  </datafield>
  <datafield tag="505" ind1="0" ind2=" ">
    <subfield code="t">ENTORNO URBANO</subfield>
  </datafield>
  <datafield tag="505" ind1="0" ind2=" ">
    <subfield code="a">Nexo Arqs + Guti&#xE9;rrez de la Fuente arqs.+Andr&#xE9;s Perea / Centro Integral del transporte de Metro, Madrid. p. 124</subfield>
  </datafield>
  <datafield tag="505" ind1="0" ind2=" ">
    <subfield code="a">SUMA Arqs / Biblioteca Gabriel Garc&#xED;a Marquez, Barcelona. p. 132</subfield>
  </datafield>
  <datafield tag="505" ind1="0" ind2=" ">
    <subfield code="a">Matos Castillo - Montenegro - Gelabert / Biblioteca y teatro municipal, Boadilla, Madrid. p. 140</subfield>
  </datafield>
  <datafield tag="505" ind1="0" ind2=" ">
    <subfield code="a">BAAS arqs. AIS / CAP Cotet, Premi&#xE1; de Dalt, Barcelona. p. 148</subfield>
  </datafield>
  <datafield tag="505" ind1="0" ind2=" ">
    <subfield code="t">ENSAYOS PEDAG&#xD3;GICOS</subfield>
  </datafield>
  <datafield tag="505" ind1="0" ind2=" ">
    <subfield code="a">Andr&#xE9;s Jaque / Office for policial innovation / Colegio Reggio, Madrid. p. 156</subfield>
  </datafield>
  <datafield tag="505" ind1="0" ind2=" ">
    <subfield code="a">Mag&#xE9;n Arqs. / CEIP Mar&#xED;a Zambrano, Zaragoza. p. 166</subfield>
  </datafield>
  <datafield tag="505" ind1="0" ind2=" ">
    <subfield code="a">Llu&#xED;s Jubert-Taller d&#xB4;arqs. - Ferran Pelegrina i Associats / Escuela Teresa Godes, El Montmell, Tarrragona. p. 172</subfield>
  </datafield>
  <datafield tag="505" ind1="0" ind2=" ">
    <subfield code="a">Aixopluc+Aulets / Escuelas infantil Moixaina, Llub&#xED;, Mallorca. p. 178</subfield>
  </datafield>
  <datafield tag="505" ind1="0" ind2=" ">
    <subfield code="t">PROPUESTAS HABITABLES</subfield>
  </datafield>
  <datafield tag="505" ind1="0" ind2=" ">
    <subfield code="a">OHLAB / Oliver Hernaiz arqs. lab / Viviendas Paseo Mallorca 15, Palma. p. 186</subfield>
  </datafield>
  <datafield tag="505" ind1="0" ind2=" ">
    <subfield code="a">Carbajo, Barrios / Cornes Espacio Residencial, Santiago. p. 192</subfield>
  </datafield>
  <datafield tag="505" ind1="0" ind2=" ">
    <subfield code="a">Barcel&#xF3; Balanz&#xF3; / 35 viviendas en Carretera de Ribes, Barcelona. p. 198</subfield>
  </datafield>
  <datafield tag="505" ind1="0" ind2=" ">
    <subfield code="a">Ripoll Tizon Estudio de Arquitectura / Viviendas sociales, Ibiza, Islas Baleares. p. 204</subfield>
  </datafield>
  <datafield tag="505" ind1="0" ind2=" ">
    <subfield code="t">UN A&#xD1;O EN EL MUNDO</subfield>
  </datafield>
  <datafield tag="505" ind1="0" ind2=" ">
    <subfield code="t">Luis Fern&#xE1;ndez-Galiano / 2022 en doce edificios</subfield>
  </datafield>
  <datafield tag="505" ind1="0" ind2=" ">
    <subfield code="a">Los cubos y las dubas: topograf&#xED;as del arte. p. 226
       - SANA A / Sydney Modern
       - Atelier Deshaus / Museo de Arte, Sydney                                                           </subfield>
  </datafield>
  <datafield tag="505" ind1="0" ind2=" ">
    <subfield code="a">Los dientes y la esfera: gestos urbanos. p. 227
       - Herzog &amp; de Meuron / Royal Collage of Art, Londres
       - OMA / Centro de Artes, Taip&#xE9;i</subfield>
  </datafield>
  <datafield tag="505" ind1="0" ind2=" ">
    <subfield code="a">La c&#xE1;scara y la tienda: iconos livianos. p. 228
       - Sou Fujimoto / Casa de la M&#xFA;sica, Budapest
       - BIG, Heatherwick / Google Bay View, Montaun View</subfield>
  </datafield>
  <datafield tag="505" ind1="0" ind2=" ">
    <subfield code="a">La cinta y el cuenco: recintos del deporte. p. 229
               - MAD arqs. / Parque deportivo, Quzhou
               - Norman Foster / Estadio Lusail, Lusail</subfield>
  </datafield>
  <datafield tag="505" ind1="0" ind2=" ">
    <subfield code="a">El castillo y la cueva: experiencias extremas. p. 230
                 - Andr&#xE9;s Jaque / Colegio Reggio, Madrid
                 - Junya Ishigami * Casa Restaurante, Ube</subfield>
  </datafield>
  <datafield tag="505" ind1="0" ind2=" ">
    <subfield code="a">La cruz y la c&#xFA;pula: espacios sagrados. p. 231
          - EMBT / Iglesia de San Giacomo, Ferrara
          - Mario Cucinella / Fundaci&#xF3;n Luigi Rovati, Mil&#xE1;n</subfield>
  </datafield>
  <datafield tag="505" ind1="0" ind2=" ">
    <subfield code="t">Los ocho de Focho. p. 232</subfield>
  </datafield>
  <datafield tag="505" ind1="0" ind2=" ">
    <subfield code="t">Los premios. p. 234</subfield>
  </datafield>
  <datafield tag="505" ind1="0" ind2=" ">
    <subfield code="t">Las p&#xE9;rdidas. p. 238</subfield>
  </datafield>
  <datafield tag="600" ind1=" " ind2="0">
    <subfield code="a">Herzog, Jacques, </subfield>
    <subfield code="d">1950-.</subfield>
    <subfield code="9">2200</subfield>
  </datafield>
  <datafield tag="600" ind1=" " ind2="0">
    <subfield code="a">Meuron, Pierre de, </subfield>
    <subfield code="d">1950-.</subfield>
    <subfield code="9">11070</subfield>
  </datafield>
  <datafield tag="650" ind1=" " ind2=" ">
    <subfield code="2">Arquitectura Contemporanea</subfield>
  </datafield>
  <datafield tag="650" ind1=" " ind2=" ">
    <subfield code="2">Museos</subfield>
  </datafield>
  <datafield tag="651" ind1=" " ind2=" ">
    <subfield code="a">Suiza</subfield>
    <subfield code="9">6157</subfield>
  </datafield>
  <datafield tag="773" ind1="0" ind2=" ">
    <subfield code="a">AV Monografias = AV Monographs</subfield>
    <subfield code="d">Madrid, Avisa 2012</subfield>
    <subfield code="g">n&#xBA;253/254 (2012) 253 p.</subfield>
    <subfield code="x">021-3487X</subfield>
  </datafield>
  <datafield tag="908" ind1=" " ind2=" ">
    <subfield code="a">Imp</subfield>
  </datafield>
  <datafield tag="942" ind1=" " ind2=" ">
    <subfield code="2">udc</subfield>
    <subfield code="c">ART</subfield>
  </datafield>
  <datafield tag="945" ind1=" " ind2=" ">
    <subfield code="a">MEM</subfield>
    <subfield code="d">2023-12-06</subfield>
  </datafield>
  <datafield tag="980" ind1=" " ind2=" ">
    <subfield code="6">138</subfield>
    <subfield code="a">Carolina Rainero</subfield>
    <subfield code="g">Carolina Rainero</subfield>
    <subfield code="8">138</subfield>
  </datafield>
  <datafield tag="999" ind1=" " ind2=" ">
    <subfield code="c">12472</subfield>
    <subfield code="d">12472</subfield>
  </datafield>
  <datafield tag="952" ind1=" " ind2=" ">
    <subfield code="0">0</subfield>
    <subfield code="1">0</subfield>
    <subfield code="2">udc</subfield>
    <subfield code="4">0</subfield>
    <subfield code="7">0</subfield>
    <subfield code="a">AR-RoUNA</subfield>
    <subfield code="b">AR-RoUNA</subfield>
    <subfield code="c">Heme</subfield>
    <subfield code="d">2026-06-12</subfield>
    <subfield code="e">Sub</subfield>
    <subfield code="l">1</subfield>
    <subfield code="p">1002978</subfield>
    <subfield code="q">2026-07-20</subfield>
    <subfield code="r">2026-06-29</subfield>
    <subfield code="s">2026-06-29</subfield>
    <subfield code="t">ej. 1</subfield>
    <subfield code="w">2026-06-12</subfield>
    <subfield code="y">ART</subfield>
    <subfield code="k">382</subfield>
    <subfield code="x"></subfield>
  </datafield>
</record>
